Záväzky v účtovníctve konkrétnej účtovnej jednotky bakalárska práca

Saved in:
Bibliographic Details
Main Author: Kešiar, Marián
Corporate Author: Fakulta hospodárskej informatiky EU. Katedra účtovníctva a audítorstva
Other Authors: Tkáčová, Lenka
Format: Book
Language:Slovak
Published: Bratislava 2013
Tags: Add Tag
No Tags, Be the first to tag this record!

MARC

LEADER 00000nbm a2200000 4500
001 0194530
005 20170314104909.8
041 0 |a slo 
044 |a SK 
245 1 0 |a Záväzky v účtovníctve konkrétnej účtovnej jednotky  |b bakalárska práca  |c Marián Kešiar ; školiteľ: Lenka Tkáčová 
264 1 |a Bratislava  |c 2013 
300 |a 40 s. 
100 1 |a Kešiar, Marián 
700 1 |a Tkáčová, Lenka 
710 2 |a Fakulta hospodárskej informatiky EU. Katedra účtovníctva a audítorstva